000 00374nam a2200157Ia 4500
008 230312s9999||||xx |||||||||||||| ||und||
020 _a0-324-18007-1
082 _a332.6
_bMAY
100 _aHerbert B. Mayo
245 0 _aInvestments
260 _bThomson
_aUK
_c2003
300 _a844
546 _aEng.
650 _aEconomics
_vIntroduction to Investment
942 _cBK
999 _c2355
_d2355